[Event "47th Rilton Cup 2017"]
[Site "?"]
[Date "2018.01.03"]
[Round "7"]
[White "Grandelius, Nils"]
[Black "Chigaev, Maksim"]
[Result "1/2-1/2"]
[WhiteElo "2647"]
[BlackElo "2546"]
[PlyCount "84"]
[EventDate "2018.??.??"]
[EventType "swiss"]
[EventCountry "SWE"]
[SourceTitle "Stockholm"]
[TimeControl "40/5400+30:1800+30"]
[WhiteClock "0:14:28"]
[BlackClock "0:21:00"]

1. e4 {[%emt 0:00:15]} e5 {[%emt 0:00:00]} 2. Nf3 {[%emt 0:00:13]} Nc6 {[%emt 0:00:00]} 3. Bb5 {[%emt 0:00:05]} a6 {[%emt 0:00:00]} 4. Ba4 {[%emt 0:00:06]} Nf6 {[%emt 0:00:00]} 5. O-O {[%emt 0:00:46]} Be7 {[%emt 0:00:02]} 6. Re1 {[%emt 0:02:20]} b5 {[%emt 0:00:29]} 7. Bb3 {[%emt 0:00:06]} d6 {[%emt 0:00:07]} 8. c3 {[%emt 0:00:07]} O-O {[%emt 0:00:08]} 9. h3 {[%emt 0:00:45]} Bb7 {[%emt 0:00:37]} 10. d4 {[%emt 0:00:55]} Re8 {[%emt 0:00:07]} 11. Ng5 {[%emt 0:00:43]} Rf8 {[%emt 0:00:17]} 12. Nf3 {[%emt 0:00:05]} Re8 {[%emt 0:00:05]} 13. Nbd2 {[%emt 0:00:50]} Bf8 {[%emt 0:00:27]} 14. d5 {[%emt 0:01:01]} Nb8 {[%emt 0:01:49]} 15. Nf1 {[%emt 0:00:30]} Nbd7 {[%emt 0:00:30]} 16. N3h2 {[%emt 0:02:17]} Nc5 {[%emt 0:12:37]} 17. Bc2 {[%emt 0:00:17]} c6 {[%emt 0:00:09]} 18. b4 {[%emt 0:01:25]} Ncd7 {[%emt 0:00:45]} 19. dxc6 {[%emt 0:00:13]} Bxc6 {[%emt 0:00:07]} 20. Bg5 {[%emt 0:00:06]} Qc7 {[%emt 0:06:35]} 21. Bxf6 {[%emt 0:09:05]} Nxf6 {[%emt 0:00:07]} 22. Ng4 {[%emt 0:00:07]} Nxg4 {[%emt 0:00:07]} 23. hxg4 {[%emt 0:21:30]} Be7 {[%emt 0:00:11]} 24. Bb3 {[%emt 0:09:33]} Bg5 {[%emt 0:23:38]} 25. Qf3 {[%emt 0:00:52]} Rf8 {[%emt 0:07:20]} 26. Ne3 {[%emt 0:09:07]} g6 {[%emt 0:14:17]} 27. Rad1 {[%emt 0:03:10]} Rac8 {[%emt 0:01:12]} 28. Rd3 {[%emt 0:01:23]} Kg7 {[%emt 0:03:00]} 29. Nd5 {[%emt 0:08:31]} Qa7 {[%emt 0:03:51]} 30. Red1 {[%emt 0:02:12]} Rfd8 {[%emt 0:08:56]} 31. g3 {[%emt 0:01:42]} h6 {[%emt 0:02:39]} 32. Kg2 {[%emt 0:01:03]} Rd7 {[%emt 0:03:32]} 33. Qe2 {[%emt 0:04:57]} a5 {[%emt 0:03:52]} 34. bxa5 {[%emt 0:01:30]} Qxa5 {[%emt 0:00:52]} 35. Nb4 {[%emt 0:01:11]} Ba8 {[%emt 0:01:57]} 36. Rxd6 {[%emt 0:08:31]} Rxd6 {[%emt 0:01:55]} 37. Rxd6 {[%emt 0:00:03]} Rxc3 {[%emt 0:00:22]} 38. Nd5 {[%emt 0:03:16]} Rc1 {[%emt 0:03:02]} 39. a4 {[%emt 0:07:53]} bxa4 {[%emt 0:02:14]} 40. Ra6 {[%emt 0:00:23]} Qc5 {[%emt 0:01:21]} 41. Rxa4 {[%emt 0:06:29]} Bc6 {[%emt 0:06:10]} 42. Ra2 {[%emt 0:04:27]} Qb5 {[%emt 0:11:06]} 1/2-1/2

[Event "47th Rilton Cup 2017"]
[Site "?"]
[Date "2018.01.03"]
[Round "7"]
[White "Aravindh, Chithambaram VR"]
[Black "Salomon, Johan"]
[Result "0-1"]
[WhiteElo "2607"]
[BlackElo "2476"]
[Annotator "TA"]
[PlyCount "100"]
[EventDate "2018.??.??"]
[EventType "swiss"]
[EventCountry "SWE"]
[SourceTitle "Stockholm"]

{[%evp 23,100,6,2,14,30,6,11,19,27,34,46,26,43,45,50,-88,0,-78,0,-20,-24,-25,-19,-19,-10,-23,0,-61,-30,-66,-21,-25,29,0,97,-98,-86,-92,-95,-88,-91,-127,-126,-360,-352,-346,-370,-355,-362,-29964,-317,-316,-340,-330,-285,-327,-221,-310,-304,-288,-279,-355,-362,-440,-453,-465,-463,-408,-436,-581,-581,-974,-973,-908,-894,-894,-876,-807,-785]} 1. e4 c5 2. Nf3 d6 3. d4 cxd4 4. Nxd4 Nf6 5. Nc3 a6 6. Be3 e5 7. Nb3 Be6 8. h3 {B90: Sicilian Najdorf: Unusual White 6th moves, 6 Be3 Ng4 and 6 Be3 e5} Be7 9. f4 exf4 10. Bxf4 Nc6 11. Qe2 Nd7 12. O-O-O Nce5 {LiveBook: 72 Games} 13. Kb1 O-O 14. g4 Rc8 15. Qe3 {[#]} Qc7 $146 16. Nd4 Nb6 {[%cal Bd7b6,Bb6c4,Bc4a3,Ba3c2][%mdl 32]} 17. Qg3 Nbc4 18. g5 Qb6 {[%csl Gc4][%cal Rb6b2]} 19. Bc1 (19. Nb3 $14 {keeps the upper hand.}) 19... Na3+ $1 $17 20. Ka1 Nc6 (20... Qa5 $1 $17 21. Qg2 Rxc3 22. bxc3 Bxa2 $1 {[%mdl 512]} 23. Kxa2 Nb5+ 24. Kb3 Qxc3+ 25. Ka2 Qa5+ 26. Kb3 Rc8 27. Bxb5 axb5) 21. Nxc6 Nxc2+ 22. Kb1 Na3+ 23. Ka1 Qxc6 24. Bd3 Qb6 25. h4 ({White should play} 25. Nd5 $11 Nc2+ 26. Bxc2 Bxd5 27. Be3) 25... Qa5 (25... Rxc3 $5 26. bxc3 Rc8 $15) 26. Rh2 Rc5 $40 {[%mdl 128] Threatening ...Rfc8. Black is up to no good.} (26... Rxc3 $5 27. bxc3 Rc8 $17) 27. Nd5 Bxd5 (27... Rfc8 $142 $1 28. Nxe7+ Kf8) 28. exd5 $11 Rfc8 (28... Qa4 $1 $11 29. b3 Rxc1+ 30. Rxc1 Qd4+ 31. Rb2 g6) 29. Qe3 $2 (29. Bd2 $1 $16 {[%cal Rd2a5] is necessary to keep the advantage.} Nc2+ 30. Kb1 (30. Bxc2 Rxc2 31. Qd3 Qb6 $17)) 29... Qc7 $17 {[%cal Rc5c1]} 30. Rhh1 Nc2+ 31. Bxc2 Rxc2 32. h5 {[#]} Qc5 $1 33. Qe1 $2 {[#]} (33. Qf4 $17 {might work better.}) 33... h6 $1 $19 {[%mdl 512]} 34. a3 (34. gxh6 Bf6) 34... Bxg5 35. Bxg5 hxg5 36. Qe7 $2 {[#]} (36. Rb1 $19) 36... Qb5 $2 (36... Rxb2 $1 {[%mdl 512] mates} 37. Kxb2 Qb5+ 38. Ka1 Rc2 39. Rb1 Qd3 40. Rb3 Qxb3 41. Qe8+ Kh7 42. Qe4+ Kh6 43. Qxc2 Qxc2 44. Rg1 Qc3+ 45. Ka2 Qc4+ 46. Kb1 Qb3+ 47. Ka1 Qxa3+ 48. Kb1 Qb3+ 49. Ka1 Qa4+ 50. Kb1 Qb5+ 51. Ka2 Qa5+ 52. Kb3 Qb6+ 53. Kc4 Qxg1 54. Kd3 Qd1+ 55. Kc3 g4 56. Kc4 Qc2+ 57. Kb4 g3 58. Ka5 Qb1 59. Ka4 Qb2 60. Ka5 Qb5#) 37. Rb1 Qxd5 38. Rhd1 Qe5 39. Qxb7 a5 40. Re1 (40. Rf1 {was called for.} R2c7 41. Qf3) 40... Qc5 41. Rf1 Rf8 42. Rbd1 g4 43. h6 gxh6 44. Qe4 {With the idea Rg1.} Rc4 45. Qh1 Kg7 46. Rd5 {Black is clearly winning.} Qc6 47. Qh5 Rc1+ 48. Rxc1 Qxc1+ 49. Ka2 Qc4+ 50. Ka1 Re8 {Precision: White = 37%, Black = 61%.} 0-1

[Event "47th Rilton Cup 2017"]
[Site "?"]
[Date "2018.01.03"]
[Round "7"]
[White "Tari, Aryan"]
[Black "Antipov, Mikhail Al"]
[Result "1-0"]
[WhiteElo "2599"]
[BlackElo "2588"]
[Annotator "RC"]
[PlyCount "137"]
[EventDate "2018.??.??"]
[EventType "swiss"]
[EventCountry "SWE"]
[SourceTitle "Stockholm"]
[TimeControl "40/5400+30:1800+30"]
[WhiteClock "0:09:04"]
[BlackClock "0:04:35"]

1. e4 {[%emt 0:00:33]} e6 {[%emt 0:00:00]} 2. d4 {[%emt 0:01:04]} d5 {[%emt 0:00:00]} 3. exd5 {[%emt 0:02:14]} exd5 {[%emt 0:00:00]} 4. Nf3 {[%emt 0:00:08]} Bf5 {[%emt 0:05:18]} 5. Bd3 {[%emt 0:04:02]} Bxd3 {[%emt 0:15:37]} 6. Qxd3 {[%emt 0:00:10]} Nc6 {[%emt 0:01:04]} 7. O-O {[%emt 0:07:00]} Qd7 {[%emt 0:01:59]} 8. Re1+ {[%emt 0:04:04]} Nge7 {[%emt 0:00:09]} 9. b4 {[%emt 0:12:56]} Nxb4 {[%emt 0:13:08]} 10. Qb3 {[%emt 0:00:12]} Nbc6 {[%emt 0:00:03]} 11. Qxb7 {[%emt 0:01:27]} Rb8 {[%emt 0:00:07]} 12. Qa6 {[%emt 0:00:46]} f6 {[%emt 0:00:11]} 13. Ba3 {[%emt 0:08:58]} Kf7 {[%emt 0:00:31]} 14. c4 {[%emt 0:02:56]} Nb4 {[%emt 0:34:46]} 15. Qxa7 {[%emt 0:12:04]} Rb6 {[%emt 0:00:08]} 16. c5 {[%emt 0:07:56]} Nbc6 {[%emt 0:02:16]} 17. Qa4 {[%emt 0:01:36]} Rb7 {[%emt 0:00:10]} 18. Nc3 {[%emt 0:06:23]} g5 {[%emt 0:01:41]} 19. Qd1 {[%emt 0:08:24]} Ng6 {[%emt 0:05:37]} 20. Ne2 {[%emt 0:00:44]} g4 {[%emt 0:06:15]} 21. Nd2 {[%emt 0:00:13]} h5 {[%emt 0:00:01]} 22. Nb3 {[%emt 0:01:53]} h4 {[%emt 0:01:00]} 23. Bc1 {[%emt 0:01:28]} Qf5 {[%emt 0:00:29]} 24. Be3 {[%emt 0:07:00]} Nb4 {[%emt 0:08:15]} 25. Rf1 {[%emt 0:01:44]} h3 {[%emt 0:01:18]} 26. Ng3 {[%emt 0:01:11]} Qe6 {[%emt 0:00:01]} 27. gxh3 {[%emt 0:03:35]} Rxh3 {[%emt 0:00:18]} 28. Qb1 {[%emt 0:00:25]} Nh4 {[%emt 0:01:46]} 29. Nd2 {[%emt 0:00:15]} Nf3+ {[%emt 0:00:24]} 30. Nxf3 {[%emt 0:00:07]} gxf3 {[%emt 0:00:01]} 31. Qd1 {[%emt 0:01:37]} Qg4 {[%emt 0:00:06]} 32. Rb1 {[%emt 0:00:39]} Rb8 {[%emt 0:01:00]} 33. Rb3 {[%emt 0:01:07]} Nxa2 {[%emt 0:02:18]} 34. Bd2 {[%emt 0:01:03]} Rh4 {[%emt 0:00:29]} 35. Re1 {[%emt 0:00:52]} Qh3 {[%emt 0:00:30]} 36. Qxf3 {[%emt 0:00:29]} Qxh2+ {[%emt 0:00:01]} 37. Kf1 {[%emt 0:00:05]} Qh3+ {[%emt 0:00:07]} 38. Ke2 {[%emt 0:01:02]} Re8+ {[%emt 0:00:08]} 39. Re3 {[%emt 0:00:28]} Rxe3+ {[%emt 0:01:00]} 40. fxe3 {[%emt 0:00:24]} Qd7 {[%emt 0:01:16]} 41. Rh1 {[%emt 0:02:30]} Rxh1 {[%emt 0:01:25]} 42. Qxh1 {[%emt 0:02:46]} Qb5+ {[%emt 0:00:08]} 43. Kf2 {[%emt 0:00:44]} c6 {[%emt 0:00:25]} 44. Qh7+ {[%emt 0:01:05]} Ke8 {[%emt 0:01:54]} 45. Nf5 {[%emt 0:00:59]} Qb2 {[%emt 0:01:11]} 46. Qg6+ {[%emt 0:00:34]} Kd8 {[%emt 0:02:14]} 47. Qxf6+ {[%emt 0:00:10]} Ke8 {[%emt 0:00:01]} 48. Qxc6+ {[%emt 0:00:39]} Kf7 {[%emt 0:00:24]} 49. Qxd5+ {[%emt 0:00:42]} Kf6 {[%emt 0:00:38]} 50. Qe5+ {[%emt 0:03:29]} Kf7 {[%emt 0:01:57]} 51. Ke1 {[%emt 0:05:55]} Qb1+ {[%emt 0:00:43]} 52. Ke2 {[%emt 0:00:04]} Qc2 {[%emt 0:07:00]} 53. Qd5+ {[%emt 0:05:38]} Kf6 {[%emt 0:01:10]} 54. Qf3 {[%emt 0:06:25]} Ke6 {[%emt 0:06:36]} 55. d5+ {[%emt 0:01:28]} Kd7 {[%emt 0:00:01]} 56. Nd4 {[%emt 0:01:13]} Nc3+ {[%emt 0:03:23]} 57. Kf1 {[%emt 0:00:32]} Qd3+ {[%emt 0:00:25]} 58. Kg1 {[%emt 0:00:25]} Qg6+ {[%emt 0:00:49]} 59. Kf1 {[%emt 0:01:13]} Qd3+ {[%emt 0:00:28]} 60. Ke1 {[%emt 0:01:04]} Qb1+ {[%emt 0:00:16]} 61. Kf2 {[%emt 0:00:01]} Ne4+ {[%emt 0:00:16]} 62. Kg2 {[%emt 0:00:14]} Bxc5 {[%emt 0:00:24]} 63. Qf7+ {[%emt 0:00:35]} Kc8 {[%emt 0:00:35]} 64. Qe8+ {[%emt 0:00:27]} Kb7 {[%emt 0:01:43]} 65. Qc6+ {[%emt 0:00:05]} Kb8 {[%emt 0:00:10]} 66. Nb5 {[%emt 0:00:16]} Nd6 {[%emt 0:01:07]} 67. Qc7+ {[%emt 0:00:42]} Ka8 {[%emt 0:00:01]} 68. Qd8+ {[%emt 0:00:32]} Kb7 {[%emt 0:00:04]} 69. Nxd6+ {[%emt 0:00:14]} 1-0

[Event "47th Rilton Cup 2017"]
[Site "?"]
[Date "2018.01.03"]
[Round "7"]
[White "Sokolov, Ivan"]
[Black "Thogersen, Rasmus"]
[Result "0-1"]
[WhiteElo "2589"]
[BlackElo "2263"]
[Annotator "TA RC"]
[PlyCount "114"]
[EventDate "2018.??.??"]
[EventType "swiss"]
[EventCountry "SWE"]
[SourceTitle "Stockholm"]

{[%evp 20,114,4,4,8,0,0,7,0,18,26,10,18,0,5,8,13,0,77,76,64,63,47,29,75,21,10,13,5,20,58,50,43,25,25,25,27,25,25,25,25,25,28,27,33,21,103,-8,-8,-8,-8,-8,-8,-8,-10,-17,-12,-53,-46,-47,-46,-52,-39,-65,-62,-93,-84,-94,-52,-57,-56,-52,-54,-77,-72,-93,-93,-87,-54,-54,-54,-54,-57,-83,-83,-83,-83,-83,-83,-107,-94,-101,-66,-114,-114,-348,-348]} 1. d4 Nf6 2. c4 g6 3. Nc3 d5 4. cxd5 Nxd5 5. e4 Nxc3 6. bxc3 Bg7 7. Qa4+ Nd7 {[%cal Bb8d7,Bd7b6,Bb6a4][%mdl 32]} 8. Bg5 {D85: Grünfeldindisch (Abtauschvariante, 7.Sf3 bzw nicht 7.Lc4)} c5 9. Nf3 O-O 10. Rd1 cxd4 11. cxd4 {LiveBook: 5 Partien} Nb6 $146 ({Vorgänger:} 11... h6 12. Be3 Nb6 13. Qb3 Bd7 14. Qa3 Na4 15. Bd3 Rc8 16. O-O b5 17. Rc1 {½-½ (50) Korobov,A (2687)-Fier,A (2604) Moscow 2015}) 12. Qa3 Re8 13. Be2 Qd6 14. Qb2 Bg4 15. O-O Rac8 16. h3 Na4 17. Qd2 Bxf3 18. Bxf3 Qa3 (18... Nc3 $11 {hält das Gleichgewicht.}) 19. Rb1 {Droht Tb3 und aus.} Nb6 20. Rb3 Qa4 21. Rd1 Rc4 {[%cal Rc4d4]} 22. d5 ({Lieber} 22. e5 $16) 22... Rd4 $11 23. Qc2 Rc8 24. Qb1 Rc7 25. Bf4 Rcc4 26. Be3 Rxd1+ 27. Bxd1 Qa5 28. Be2 Ra4 29. Rb5 {[%cal Bb3b5,Bb5c5,Bc5c7][%mdl 32]} ({Doch nicht} 29. Bxb6 axb6 30. a3 Bd4 $15) 29... Qc3 30. Rc5 Qa1 31. Qxa1 Bxa1 32. Rc7 Rxa2 (32... Rxe4 $11 33. Bf3 (33. Rxb7 Nxd5 34. Bf3 Re5 $11) 33... Re5) 33. Kf1 ({Besser ist} 33. Bd3 $16) 33... Be5 34. Rxe7 Ra1+ 35. Bd1 $1 $132 {[%mdl 2048] Weiss is not keeping still} Nxd5 $1 36. exd5 Rxd1+ {[%mdl 4096] Endspiel KTL-KTL} 37. Ke2 Rxd5 38. Bxa7 (38. Rxb7 {keeps more tension.} a5 39. Bd2 Bd4 40. Rb8+ Kg7 41. f3) 38... b5 {[%cal Bb7b5,Bb5b4][%mdl 32]} 39. Rb7 Bc3 40. Be3 Kg7 41. g4 b4 42. g5 {[#]} Kf8 $1 43. Kf3 Ke8 44. Ke4 Re5+ 45. Kd3 Re7 46. Rb8+ Kd7 47. Ra8 Kc6 48. Kc4 Rb7 {[#] Und ...b3 würde nun gewinnen.} 49. Ra6+ $1 Kd7 {Droht stark ...b3.} 50. Kb3 Rc7 51. Bf4 Rc6 52. Ra7+ Ke6 53. Be3 Rd6 54. Kc4 Rd7 55. Ra5 Bd2 56. Ra6+ Ke5 57. Bxd2 $2 (57. f4+ $17 Ke4 58. Bxd2 Rxd2 59. Rf6) 57... Rxd2 {Precision: Weiß = 32%, Schwarz = 72%.} 0-1

[Event "47th Rilton Cup 2017"]
[Site "?"]
[Date "2018.01.03"]
[Round "7"]
[White "Liang, Awonder"]
[Black "Dragnev, Valentin"]
[Result "1/2-1/2"]
[WhiteElo "2572"]
[BlackElo "2466"]
[Annotator "TA"]
[PlyCount "101"]
[EventDate "2018.??.??"]
[EventType "swiss"]
[EventCountry "SWE"]
[SourceTitle "Stockholm"]

{[%evp 12,101,-25,-36,0,-20,-12,-17,-6,-18,-18,-35,-18,-32,0,-4,0,0,0,0,0,0,0,0,0,0,0,0,13,9,44,50,261,255,258,258,265,264,275,277,263,272,252,260,550,544,453,139,191,0,0,0,0,0,0,0,0,0,0,0,0,0,0,-37,0,0,0,0,0,0,0,0,0,0,0,0,0,0,0,0,0,0,0,0,0,0,0,0,0,0,0,0]} 1. Nf3 d5 2. g3 g6 3. Bg2 Bg7 4. O-O e5 5. d3 Ne7 6. Nc3 O-O 7. e4 {LiveBook: 42 Games} dxe4 {A07: Réti Opening: New York and Capablanca Systems} 8. Nxe4 (8. dxe4 c6 9. Be3 f6 10. Qe2 Be6 11. Rad1 Qe8 12. a4 Nd7 13. a5 Nc8 14. b3 Qe7 15. Na4 {1-0 (65) Sjugirov,S (2650)-Carlsen,M (2837) Riadh 2017}) 8... Nbc6 9. c3 $146 ({Predecessor:} 9. Re1 a5 10. a4 b6 11. Bg5 f6 12. Bd2 {0-1 (36) Krstic,U (2436)-Bayer,B (2451) Austria 2014}) 9... a5 10. Qe2 b6 11. Rd1 Ba6 12. Qc2 Qd7 13. Bh6 Rad8 {[%cal Ra6d3]} 14. Bxg7 Kxg7 15. d4 $1 exd4 16. Nxd4 Nxd4 17. Rxd4 Qc8 18. Rad1 Nc6 19. R4d2 Qf5 20. c4 Qe5 21. f4 Qe7 $2 ({Black should try} 21... Rxd2 $14 22. Rxd2 (22. fxe5 $2 Rxc2 23. e6 Bxc4 $19) (22. Qxd2 Qe7 $14) 22... Qe6) 22. Qc3+ $18 f6 {[#]} 23. g4 $1 {[%cal Bg3g4,Bg4g5][%mdl 32]} Rxd2 24. Rxd2 Rd8 25. g5 {[%cal Rg5f6]} Kf8 26. gxf6 Qb4 27. Qh3 h5 $2 (27... Qxc4 28. Rxd8+ Nxd8) 28. Rxd8+ Nxd8 29. Qd3 $2 (29. Qd7 $18 Qe1+ 30. Bf1 Qe3+ 31. Nf2) 29... Ne6 {[#]} (29... Qe1+ $16 {was necessary.} 30. Bf1 Nf7) 30. Ng5 $2 (30. Qd7 $1 $18 {[%cal Rd7e6]} Bxc4 31. h3 Bxa2 32. Qh7) 30... Bxc4 $11 31. Nh7+ Kf7 32. Qd7+ Kg8 33. f7+ $1 Kh8 {( -> ...Qe1+)} 34. h3 (34. Qc8+ Kg7 $17) 34... h4 (34... Bxa2 $2 35. Qe8+ Kg7 36. Qg8+ (36. Ng5 $2 Qd4+ 37. Kh1 Nf8 $19) 36... Kh6 37. Qh8 $18 (37. Ng5 Qxf4 38. Nxe6 Qe3+ 39. Kh1 Qe1+ 40. Kh2 Qe5+ 41. Kh1 Qe1+ 42. Kh2 Qe5+ 43. Kh1 Qe1+ $11)) 35. Kh2 {Intending Qe8+ and mate.} Bxa2 36. Qe8+ Kg7 ({Weaker is} 36... Kxh7 37. Qg8+ Kh6 38. Qh8#) 37. Qg8+ Kh6 38. f5 {[%csl Gf5][%cal Rg8g6] The position is equal.} Qf4+ 39. Kh1 {[%csl Gf5][%cal Rg8g6]} Qc1+ ({Wrong is} 39... Qxf5 $2 40. Nf8 $18) 40. Kh2 {[%csl Gf5][%cal Rg8g6]} Qf4+ 41. Kh1 {[%csl Gf5][%cal Rg8g6]} Qc1+ ({Don't go for} 41... Qxf5 $2 42. Nf8 $18) 42. Kh2 {[%csl Gf5][%cal Rg8g6]} Qf4+ 43. Kh1 {[%csl Gf5][%cal Rg8g6]} gxf5 {Strongly threatening ...Qc1+.} 44. Nf8 {[%csl Gf8][%cal Rg8g6]} Qc1+ 45. Kh2 {[%csl Gf8][%cal Rg8g6]} Qf4+ 46. Kh1 {[%csl Gf8][%cal Rg8g6]} Qc1+ 47. Kh2 {[%csl Gf8][%cal Rg8g6]} Qf4+ 48. Kh1 {[%csl Gf8][%cal Rg8g6]} Qc1+ 49. Kh2 {[%csl Gf8][%cal Rg8g6]} Qf4+ 50. Kh1 {[%csl Gf8][%cal Rg8g6]} Qc1+ 51. Kh2 {Precision: White = 76%, Black = 54%.} 1/2-1/2

[Event "47th Rilton Cup 2017"]
[Site "?"]
[Date "2018.01.03"]
[Round "7"]
[White "Hillarp Persson, Tiger"]
[Black "Alekseenko, Kirill"]
[Result "0-1"]
[WhiteElo "2545"]
[BlackElo "2594"]
[Annotator "TA"]
[PlyCount "52"]
[EventDate "2018.??.??"]
[EventType "swiss"]
[EventCountry "SWE"]
[SourceTitle "Stockholm"]

{[%evp 13,52,22,36,33,33,38,41,31,27,27,109,104,137,139,141,134,135,94,99,99,98,97,93,93,91,94,112,0,1,0,0,0,0,-21,-18,-19,-18,-27,-35,-260,-264]} 1. Nf3 Nf6 2. g3 d5 3. Bg2 c6 4. c4 Bf5 5. Qb3 Qb6 6. d3 e6 {A11: English Opening: 1...c6} 7. Be3 (7. O-O Be7 8. Qc2 O-O 9. cxd5 cxd5 10. Be3 Qa6 11. Rc1 Ng4 12. Bf4 Nc6 13. h3 Nf6 14. Ne5 Nxe5 15. Bxe5 {½-½ (47) Eljanov,P (2757)-Malakhov,V (2698) Novi Sad 2016}) 7... dxc4 {LiveBook: 6 Games} 8. Qxc4 Qxb2 {...Bb4+ is the strong threat.White is slightly better.} 9. Bd4 Qb4+ $1 10. Nbd2 Qxc4 11. Nxc4 Na6 $146 (11... Bb4+ $11 12. Nfd2 a5) ({Predecessor:} 11... Nbd7 12. Rb1 Nb6 13. Nxb6 axb6 14. Rxb6 {1-0 (50) Demuth,A (2541)-Reshef,O (2425) Llucmajor 2016}) 12. O-O $16 Bc5 13. Rab1 $1 Bxd4 14. Nxd4 O-O-O 15. Nb3 {[%mdl 1024] And now Nba5 would win. White has strong compensation.} Rd7 16. Nba5 {Black must now prevent Nxb7!} Rhd8 17. Rb2 $1 Rc7 18. Rfb1 $1 {[%cal Rb2b7]} Nc5 19. Ne5 Ng4 {[#]} 20. Naxc6 (20. Nexc6 $1 $16 bxc6 21. Bxc6) 20... Nxe5 $1 $11 21. Nxe5 f6 22. Nc4 e5 23. Rc1 b6 24. Na3 {next Nb5 is good for White.} Kb8 25. Nb5 Rcc8 {Hoping for ...Nxd3.} 26. Rb4 $2 {[#]} (26. f4 $15) 26... Nxd3 $1 {Precision: White = 59%, Black = 79%.} 0-1

[Event "47th Rilton Cup 2017"]
[Site "?"]
[Date "2018.01.03"]
[Round "7"]
[White "Rasmussen, Allan Stig"]
[Black "Santos Latasa, Jaime"]
[Result "1/2-1/2"]
[WhiteElo "2543"]
[BlackElo "2546"]
[Annotator "TA"]
[PlyCount "65"]
[EventDate "2018.??.??"]
[EventType "swiss"]
[EventCountry "SWE"]
[SourceTitle "Stockholm"]

{[%evp 31,65,0,0,0,0,0,0,0,0,0,0,0,0,-12,0,0,0,0,0,0,0,-12,0,0,0,0,0,-5,0,-5,-5,-13,-13,-13,-13,-31]} 1. e4 e5 2. Nf3 Nc6 3. Bb5 a6 4. Ba4 Nf6 5. O-O Be7 6. Re1 b5 7. Bb3 d6 8. c3 O-O 9. d4 Bg4 10. Be3 exd4 11. cxd4 d5 12. e5 Ne4 13. Nbd2 Nxd2 {C91: Closed Ruy Lopez: 7...d6 8 c3 0-0 9 d4} 14. Qxd2 Bxf3 15. gxf3 Bb4 16. Qc2 Na5 {LiveBook: 4 Games. The position is equal.} 17. Bd2 Bxd2 18. Qxd2 Nc4 19. Bxc4 bxc4 20. b3 Rb8 21. bxc4 dxc4 22. d5 $146 Rb5 23. Rad1 c3 24. Qxc3 Rxd5 25. Rxd5 Qxd5 $11 {[%mdl 4096] Endgame KQR-KQR} 26. Qb3 Rd8 27. Kg2 g6 (27... a5 {with more complications.} 28. Qc3 Re8 29. Qxc7 h6 30. a3 Re6) 28. Re4 Qxb3 29. axb3 Rb8 30. Rc4 Rb5 31. Rxc7 Rxe5 32. b4 Rb5 33. Rc6 {Precision: White = 74%, Black = 64%.} 1/2-1/2

[Event "47th Rilton Cup 2017"]
[Site "?"]
[Date "2018.01.03"]
[Round "7"]
[White "Ivanov, Sergey"]
[Black "Fedorov, Maksim"]
[Result "1-0"]
[WhiteElo "2540"]
[BlackElo "1232"]
[Annotator "TA"]
[PlyCount "69"]
[EventDate "2018.??.??"]
[EventType "swiss"]
[EventCountry "SWE"]
[SourceTitle "Stockholm"]

{[%evp 17,69,13,15,0,10,17,30,29,35,32,14,22,37,18,54,60,56,71,70,70,93,73,81,61,109,108,108,108,155,164,204,207,252,243,244,245,264,271,282,256,551,254,259,244,270,262,426,421,421,333,390,338,531,295]} 1. d4 Nf6 2. c4 e6 3. Nf3 b6 4. Nc3 Bb4 5. e3 O-O 6. Bd3 d5 7. O-O Ba6 {E52: Nimzo-Indian: Rubinstein: 4...0-0 5 Nf3 d5 6 Bd3 b6} 8. cxd5 (8. Qe2 c5 9. dxc5 Nbd7 10. cxd5 Bxd3 11. Qxd3 Nxc5 12. Qb5 Bxc3 13. dxe6 fxe6 14. bxc3 Nfe4 15. Nd4 {½-½ (49) Mamedyarov,S (2799)-Bocharov,D (2583) Riadh 2017}) 8... Bxd3 9. Qxd3 exd5 {LiveBook: 12 Games. The position is equal.} 10. Bd2 Nbd7 11. Rac1 $146 ({Predecessor:} 11. Ne2 Bd6 12. Ng3 Bxg3 13. hxg3 Re8 14. Rac1 c5 15. Bc3 {1-0 (48) Seibt,M (1987)-Schrickx,F (1920) Radebeul 2016}) 11... a6 12. Ne5 {[#] aiming for Nc6.} Qe8 13. Nc6 Bd6 14. f3 Qe6 15. Ne2 $36 {[%mdl 2048] White has some pressure.} Rfe8 16. Rfe1 Nb8 {Hoping for ...Nxc6.} 17. Nf4 Qd7 18. Ne5 Qe7 19. Qb3 Qd8 20. Red1 c5 21. Nxd5 Bxe5 22. dxe5 Nxd5 23. Bc3 $1 Qg5 24. Qxd5 Qxe3+ 25. Kh1 Ra7 {[#]} 26. Qd8 $1 {[%cal Rd8e8][%mdl 512]} Rf8 (26... Rxd8 27. Rxd8#) 27. Qxb6 Rd7 28. Re1 Qf2 $2 (28... Qh6 {was necessary.} 29. e6 fxe6 30. Qxc5 Re8) 29. Rf1 (29. e6 $142 fxe6 30. Qxe6+ Kh8 31. Qc4) 29... Qe3 30. Rce1 Qf4 31. Qxc5 h5 $2 (31... Re8 32. Re4 Qf5) 32. e6 $18 fxe6 33. Qxh5 Qc4 34. Qg6 Qxa2 (34... Re7 $142 35. Rg1 Nd7) 35. Qxe6+ {Precision: White = 64%, Black = 37%.} 1-0